000
00275nam a22001217a 4500
008
170413b xxu||||| |||| 00| 0 eng d
041
_a
eng
080
_a
618
100
_a
10
101
_a
SHM
245
_a
CLINICAL OBSTETRICS AND GYNECOLOGY
_c
IAMS.J.D
942
_2
udc
_c
BK
999
_c
10596
_d
10596